Provincies van België met kaart - Statistieken

Algemene statistieken
  • Deze quiz is 6.774 keer genomen
  • De gemiddelde score is 9 van 11
Antwoorden op de kaart
Antwoorden kleurgecodeerd door een groen-rode schaal op de quizkaart volgens % correct hieronder.
 
Antwoordstatistieken
Provincies % Correct
Hoofdstedelijk Gewest Brussel
97%
Vlaams Gewest Antwerpen
93%
Vlaams Gewest Limburg
89%
Vlaams Gewest West-Vlaanderen
89%
Vlaams Gewest Oost-Vlaanderen
86%
Waals Gewest Luik
84%
Waals Gewest Luxemburg
81%
Vlaams Gewest Vlaams-Brabant
79%
Waals Gewest Namen
78%
Waals Gewest Waals-Brabant
75%
Waals Gewest Henegouwen
73%
Geen overeenkomende quizzen gevonden
Scoreverdeling
Procent van Mensen met Elke Score
Percentiel versus Aantal Correcte Antwoorden
Uw Scoregeschiedenis
U heeft deze quiz nog niet genomen